000 00498ntaaa2200193 4500
003 01
005 20251027201348.0
008 0714s1973 ag 01
040 _aAR-BaBN
_bspa
_cAR-BaBN
_eaacr
_dRIC
082 _a225.0000 K24
100 _aKee, H. C.
_912015
245 _aLiving Word of the New Testament
250 _a1 ed. :
_bDarton, Longman and Todd,
_cc1960
300 _axvii, 492 p.
650 _aBiblia-Nuevo Testamento
650 _aN.T.
700 _aYoung, F. W.
_912017
942 _cBK
999 _c8140
_d8140